000 00706nam a2200289Ia 4500
005 20260324132357.0
008 008 260324s9999 xx 000 0 eng d
020 _a9780429230240
037 _aEBOOK
040 _aCRL
040 _beng
040 _cCRL
041 _2eng
041 _aeng
084 _qCRL
100 _aEvgenii D. Moniushko; David M. Glantz
_91189052
245 0 _aFrom Leningrad to Hungary
245 0 _bNotes of a Red Army Soldier, 1941-1946
260 _bTaylor and Francis
260 _c2004
365 _a
365 _b315
856 _uhttp://www.taylorfrancis.com/books/9780429230240
942 _cEBOOK
999 _c1787116
_d1787116